[Event "SJNR-ch U18 Girls"]
[Site "Kranenburg"]
[Date "2005.01.06"]
[Round "5"]
[White "Schmale, Lina Maria"]
[Black "Bergmann, Jennifer"]
[Result "1-0"]
[WhiteElo "1272"]
[BlackElo "946"]
[PlyCount "91"]
[EventDate "2005.01.03"]
[EventType "tourn"]
[EventRounds "5"]
[EventCountry "GER"]
[SourceTitle "EXT 2007"]
[Source "ChessBase"]
[SourceDate "2006.11.23"]
[SourceVersion "1"]
[SourceVersionDate "2006.11.23"]
[SourceQuality "1"]

1. d4 d5 2. c4 e6 3. Nf3 Nf6 4. e3 c6 5. Bd3 Bb4+ 6. Nbd2 dxc4 7. Bxc4 Ne4 8. 0-0 Nf6 9. a3 Bxd2 10. Bxd2 0-0 11. Ne5 b5 12. Be2 Qd6 13. Bb4 c5 14. Bxc5 Qd8 15. Bxf8 Kxf8 16. Bxb5 Bb7 17. f3 Nd5 18. Qd2 Qb6 19. Bd3 a5 20. Rfd1 Ba6 21. Bxh7 Qb3 22. Qxa5 Qb6 23. Qxb6 Nxb6 24. Be4 Ra7 25. a4 f6 26. Nc6 Nxc6 27. Bxc6 Nc4 28. Bb5 Nxe3 29. Rd3 Bxb5 30. Rxe3 Kf7 31. Rae1 Bc4 32. b3 Bd5 33. g4 Rb7 34. Rb1 Rb4 35. a5 Rxd4 36. a6 Rb4 37. a7 f5 38. gxf5 exf5 39. Ra1 Kf6 40. a8Q Bxa8 41. Rxa8 f4 42. Rd3 g5 43. h3 Kg6 44. Rad8 Rb6 45. R8d6+ Rxd6 46. Rxd6+ 1-0

[Event "SJNR-ch U18 Girls"]
[Site "Kranenburg"]
[Date "2005.01.04"]
[Round "2"]
[White "Bergmann, Jennifer"]
[Black "Rosenfeld, Elisabeth"]
[Result "1-0"]
[WhiteElo "946"]
[BlackElo "1084"]
[PlyCount "85"]
[EventDate "2005.01.03"]
[EventType "tourn"]
[EventRounds "5"]
[EventCountry "GER"]
[SourceTitle "EXT 2007"]
[Source "ChessBase"]
[SourceDate "2006.11.23"]
[SourceVersion "1"]
[SourceVersionDate "2006.11.23"]
[SourceQuality "1"]

1. e4 e5 2. Nf3 Nf6 3. Nc3 Bb4 4. Bc4 0-0 5. a3 Bxc3 6. bxc3 Nxe4 7. Nxe5 Qe7 8. d4 d6 9. Qf3 dxe5 10. Qxe4 Nc6 11. 0-0 Be6 12. d5 f5 13. Qe2 b5 14. dxc6 bxc4 15. Qxe5 Qd6 16. Bf4 Qxc6 17. Qxc7 Qxc7 18. Bxc7 Rf6 19. Be5 Rg6 20. Rad1 f4 21. Bxf4 Bh3 22. Bg3 Bg4 23. Rd4 Re8 24. h3 Bh5 25. Rxc4 Be2 26. Re1 Ree6 27. Rc8+ Kf7 28. Rc7+ Ke8 29. Kh2 a6 30. f4 Re3 31. Bf2 Re4 32. g3 Bf3 33. Rxe4+ Bxe4 34. Bd4 Bxc2 35. Bxg7 Rd6 36. Bd4 Be4 37. g4 Kd8 38. Ra7 Kc8 39. f5 Kb8 40. Rxh7 Rc6 41. Kg3 Bb1 42. Re7 Rc4 43. f6 1-0

[Event "SJNR-ch U18 Girls"]
[Site "Kranenburg"]
[Date "2005.01.03"]
[Round "1"]
[White "Karpovych, Oksana"]
[Black "Bergmann, Jennifer"]
[Result "1-0"]
[WhiteElo "1167"]
[BlackElo "946"]
[PlyCount "56"]
[EventDate "2005.01.03"]
[EventType "tourn"]
[EventRounds "5"]
[EventCountry "GER"]
[SourceTitle "EXT 2007"]
[Source "ChessBase"]
[SourceDate "2006.11.23"]
[SourceVersion "1"]
[SourceVersionDate "2006.11.23"]
[SourceQuality "1"]

1. e4 e5 2. Nf3 Nc6 3. Nc3 Nf6 4. d4 exd4 5. Nxd4 Nxd4 6. Qxd4 a6 7. Be2 b6 8. Bg5 Bb7 9. 0-0 Be7 10. e5 Ne4 11. Bxe7 Qxe7 12. Nd5 Bxd5 13. Qxd5 0-0 14. Qxe4 a5 15. Bd3 f5 16. Qd5+ Kh8 17. Rae1 Rae8 18. Re3 Qf7 19. Qxf7 Rxf7 20. e6 dxe6 21. Bc4 Rfe7 22. Bb5 Rd8 23. Bc4 Rd6 24. Rd3 Rxd3 25. Bxd3 c6 26. Re1 g6 27. h3 e5 28. f4 e4 1-0